000 00700nam a2200205Ia 4500
003 GCL
005 20240530104702.0
008 140319s9999 xx 000 0 ara d
040 _aGCL /
_cGCL
082 0 4 _aق
_b330.962
_bم ت
100 1 _aمحمد فهمى لهيطه
245 1 0 _aتاريخ مصر الاقتصادى فى القرن التاسع عشر /
_cمحمد فهمى لهيطه
300 _a614
490 _aالهيئة العامة للاستعلامات
_v0
650 0 4 _aالاقتصاد
650 0 4 _aالاحوال الاجتماعية
650 0 4 _aالاحوال الاقتصادية
650 0 4 _aالاقتصاد - مصر - العصر الحديث
942 _2ddc
_cBK
999 _c49825
_d49825